How Well Do You Know: Wilt Chamberlain - Statistics

General Stats
  • This quiz has been taken 143 times
  • The average score is 9 of 15
Answer Stats
Question Answer % Correct
What is Wilts career high in points? 100
88%
What is Wilts highest scoring average? (season) 50.4ppg
88%
Where was Wilt born? Philadelphia
88%
Who was Wilts biggest rival? Bill Russell
75%
What team did he drop his career high on? New York Knicks
75%
What other sports did Wilt play? Track and Field, Volleyball
75%
How man rings does Wilt have? 2
63%
When did Wilt die? October 12 1999
63%
What High School did Wilt go to? Overbrook High School
63%
How many times did Wilt lead the league in rebounds? 11
38%
What is Wilts career ppg? (rounded) 30.1
38%
What team did Wilt coach after retirement? San Diego Conquistadors
38%
How many times did Wilt lead the league in scoring 7
25%
What is Wilts Birthday August 21 1936
25%
How many teams did Wilt play for? 4
13%
No matching quizzes found
Score Distribution
Percent of People with Each Score
Percentile by Number Answered
Your Score History
You have not taken this quiz